| 000 | 01373nam0a22003371 4500 | ||
|---|---|---|---|
| 001 | RU\INFOCOMM_318\NLR\5000071555 | ||
| 005 | 20250613103650.0 | ||
| 035 | _a(NLR Aleph) 009477090 | ||
| 090 |
_a8563755 _c8563755 |
||
| 100 | _a20121126d1980 |||y0rusy50 ca | ||
| 101 | 0 | _aeng | |
| 102 | _aRU | ||
| 105 | _ay z ||||| | ||
| 200 | 1 |
_aInteracting instantions, 1/N expansion and the gluon condensate _fE.-M. Ilgenfritz, M. Mueller-Preussker |
|
| 210 |
_aДубна _cОбъед. ин-т ядер. исслед. _d1980 |
||
| 215 |
_a8 с. _d21 см |
||
| 225 | 1 |
_aОбъединенный институт ядерных исследований, Дубна _vЕ2-80-639 |
|
| 300 | _aНа 2-й с. обл.: Взаимодействующие инстантоты, 1/Ne разложение и глюонный конденсат / Ильгенфриц Э.-М., Мюллер-Пройскер М. | ||
| 300 | _aSubmitted to "Physics letters B" | ||
| 320 | _aБиблиогр.: с. 8 | ||
| 606 | 0 |
_aГлюонный конденсат _2nlr_sh1 |
|
| 606 | 0 |
_aИнстантоны _9984603 _3RU\NLR\AUTH\6652825 |
|
| 686 |
_aВ315.21 _2rubbk |
||
| 686 |
_aВ382.145 _2rubbk |
||
| 700 | 1 |
_aIlgenfritz _bE.-M. |
|
| 701 | 1 |
_aMueller-Preussker _bM. |
|
| 801 | 1 |
_aRU _bNLR _c20121126 |
|
| 801 | 0 |
_aRU _bINFOCOMM _gPSBO |
|
| 852 |
_aNLR _jФз01 Д-4/1415 |
||
| 942 | _cBOOK | ||
| 980 | _aNB | ||